000
00201 a2200097 4500
020
_a
0200040033
041
_a
spa
100
_a
Smarty
245
_a
Patriotismo e Independencia de Nicaragua
942
_c
BK
999
_c
14435
_d
14435